Mort subite - Les 20 plus grandes villes de France - Statistiques

Statistiques générales
  • Ce quiz a été pris 1 606 fois
  • Le résultat moyen est 9 sur 20
Answers on the Grid
Answers color-coded by a green-red scale on the quiz's grid according to % correct below.
Lyon
Annecy
Clermont-Ferrand
Rouen
Marseille
Saint-Denis (La Réunion)
Grenoble
Reims
Limoges
Paris
Toulon
Aix-en-Provence
Brest
Orléans
Strasbourg
Nice
Montpellier
Nîmes
Le Mans
Nantes
Dijon
Bordeaux
Saint-Étienne
Le Havre
Amiens
Toulouse
Lille
Caen
Villeurbanne
Rennes
Montreuil
Angers
 
Statistiques - réponses
Réponse % Correct
Lyon
98%
Marseille
84%
Paris
73%
Bordeaux
61%
Toulouse
61%
Lille
59%
Montpellier
55%
Nice
52%
Strasbourg
51%
Nantes
48%
Rennes
46%
Grenoble
30%
Reims
23%
Saint-Étienne
21%
Dijon
20%
Le Havre
19%
Toulon
19%
Angers
16%
Saint-Denis (La Réunion)
16%
Villeurbanne
15%
Aucun quiz correspondant
Distribution des résultats
% des personnes avec chaque résultat
Percentile par nombre de réponses
Votre historique - résultats
Vous n’avez pas pris ce quiz